| 000 | 00621cam a2200229 4500500 | ||
|---|---|---|---|
| 005 | 20260329004555.0 | ||
| 041 | _afre | ||
| 042 | _adc | ||
| 100 | 1 | 0 |
_aNathan, Tobie _eauthor |
| 245 | 0 | 0 | _aToc. Guetter les invisibles |
| 260 | _c2020. | ||
| 500 | _a60 | ||
| 690 | _aCovid-19 | ||
| 690 | _aDistance | ||
| 690 | _aDSM | ||
| 690 | _aHygiène | ||
| 690 | _aSanté | ||
| 690 | _aTobie Nathan | ||
| 690 | _aToc | ||
| 786 | 0 | _nPhilosophie magazine | 140 | 7 | 2020-07-01 | p. 12-12 | 1951-1787 | |
| 856 | 4 | 1 | _uhttps://shs.cairn.info/magazine-philosophie-magazine-2020-7-page-12?lang=fr&redirect-ssocas=7080 |
| 999 |
_c1835250 _d1835250 |
||